Eczema ; its nature, cure, and prevention. (Record no. 55967)
[ view plain ]
| 000 -LEADER | |
|---|---|
| fixed length control field | 00610cam5a220020500 4500 |
| 001 - CONTROL NUMBER | |
| control field | qce00035342 |
| 005 - DATE AND TIME OF LATEST TRANSACTION | |
| control field | 20190814132723.0 |
| 008 - FIXED-LENGTH DATA ELEMENTS--GENERAL INFORMATION | |
| fixed length control field | 810920s1962 ilua 000 0 eng d |
| 035 ## - SYSTEM CONTROL NUMBER | |
| System control number | (Sirsi) r68210 |
| 035 ## - SYSTEM CONTROL NUMBER | |
| System control number | (QCAT)lss04948769 |
| 035 ## - SYSTEM CONTROL NUMBER | |
| System control number | (UPRA)qce00035342 |
| 040 ## - CATALOGING SOURCE | |
| Modifying agency | UPRA |
| 060 0# - NATIONAL LIBRARY OF MEDICINE CALL NUMBER | |
| Classification number | WR 190 |
| Item number | B66e 1962 |
| 100 1# - MAIN ENTRY--PERSONAL NAME | |
| Personal name | Bobroff, Arthur, 1917- |
| Dates associated with a name | Bobroff, Arthur, 1917- |
| Linkage | A29197.1 |
| 245 10 - TITLE STATEMENT | |
| Title | Eczema ; its nature, cure, and prevention. |
| 260 ## - PUBLICATION, DISTRIBUTION, ETC. | |
| Place of publication, distribution, etc. | Springfield, IL : |
| Name of publisher, distributor, etc. | Thomas, |
| Date of publication, distribution, etc. | [c1962] |
| 650 #2 - SUBJECT ADDED ENTRY--TOPICAL TERM | |
| Topical term or geographic name entry element | Eczema. |
| Linkage | S21183.1 |
| 949 ## - LOCAL PROCESSING INFORMATION (OCLC) | |
| a | RL251 |
| w | LC |
| i | -91469 |
| m | MEDICAL |
| t | BOOK |
| l | ON-SHELF |
No items available.